Statistics for Biting Sounds in Different Languages

Click here to take the quiz!

General Stats

  • This quiz has been taken 11 times
  • The average score is 2 of 35

Answer Stats

LanguageSound% Correct
AfrikaansNom | Gomf
50%
EnglishChomp
30%
SpanishÑam
20%
LatvianAm
10%
UkrainianAm | Niam | Khrum | Kus
10%
PolishChap | Am | Chrup
10%
ItalianGnam
10%
CroatianGric
10%
SerbianGric | Grits
10%
AlbanianHam | Kërr | Krrëk
10%
DutchHap
10%
RomanianHap | Haț
10%
EstonianAmps
0%
SlovakChrum
0%
CzechChřup | Chroup
0%
HungarianHamm
0%
DanishHaps
0%
TurkishHart | Hurt
0%
BulgarianHrus | Mlias
0%
ArabicHum-hum
0%
RussianKhrum
0%
BasqueKosk | Hozk
0%
IndonesianKrauk
0%
MarathiKrum-krum
0%
GermanMampf
0%
FrenchMiam | Crounche
0%
JapaneseMusha-musha
0%
SwedishNam-nam
0%
ThaiNgap | Ngam
0%
MalayNgap ngap
0%
VietnameseNgoạm
0%
PortugueseNhac | Nhoc
0%
CatalanNyac
0%
FinnishRousk
0%
KoreanWajak-wajak
0%

Score Distribution

Percentile by Number Answered

Percent of People with Each Score

Your Score History

You have not taken this quiz